000 00788nam a22002897a 4500
001 BR8703973
003 BR-BrBNA
005 20230928092639.0
007 ta
008 230509b bl.||||| |||| 00| 0 por d
040 _aBR-BrBNA
_bpor
_cBiblioteca Nacional de Agricultura
041 _a(Por)
072 _aK50
_b8901
090 _ 8901 BR8703973
100 1 _aVital, B.R.
100 1 _aCollom, J.L.
110 1 _aUniversidade Federal de Vicosa, MG (Brasil). Depto. de Utilizacao e Tecnologia Florestal
_910991
245 1 _aSecador solar para madeira
260 3 _aVicosa, MG (Brasil):
_c1974.
300 _a34 p.
650 _aINDUSTRIA FLORESTAL
650 _aSECADOR
650 _aSECAGEM
650 _aMADEIRA
909 _a202309
_bLucia
_c55
_dLucia Elande
942 _cBK
999 _c40366
_d40366